000 00336nam a22001217a 4500
020 _a92-5-104118-0
041 _aENG
245 _aAgricultural Pesticide Sprayers Vol 1 Fao Guidelines On Equipment Quality Control And Use And Fao Mimimum Standards
260 _aRome
_bFAO
_c1998
300 _a32
650 _aFAO
856 _uFAO ( 01 )
999 _c2330
_d2330